|
|
|
|
| LEADER |
02611cam a2200709 i 4500 |
| 001 |
nkc20142591318 |
| 003 |
CZ PrNK |
| 005 |
20160122085216.0 |
| 007 |
ta |
| 008 |
140523s2014 xr e 000 e cze |
| 015 |
|
|
|a cnb002591318
|
| 020 |
|
|
|a 978-80-7432-340-9
|q (váz.) :
|c Kč 229,00
|
| 035 |
|
|
|a (OCoLC)883373185
|
| 040 |
|
|
|a OLA001
|b cze
|
| 041 |
1 |
|
|a cze
|h eng
|
| 043 |
|
|
|a n-us---
|
| 045 |
|
|
|a w-w-
|
| 072 |
|
7 |
|a 316.3
|x Globální společnosti. Sociální struktura. Sociální skupiny
|2 Konspekt
|9 18
|
| 080 |
|
|
|a 342.72/.73
|2 MRF
|
| 080 |
|
|
|a 342.731
|2 MRF
|
| 080 |
|
|
|a 323.25
|2 MRF
|
| 080 |
|
|
|a 316.3/.6
|2 MRF
|
| 080 |
|
|
|a 502.1
|2 MRF
|
| 080 |
|
|
|a 304.9
|2 MRF
|
| 080 |
|
|
|a 316.72/.75
|2 MRF
|
| 080 |
|
|
|a (73)
|2 MRF
|
| 080 |
|
|
|a (0:82-4)
|2 MRF
|
| 080 |
|
|
|a (082.21)
|2 MRF
|
| 100 |
1 |
|
|a Thoreau, Henry David,
|d 1817-1862
|7 jn20000605316
|4 aut
|
| 245 |
1 |
0 |
|a Občanská neposlušnost a jiné eseje /
|c Henry David Thoreau ; [přeložil Jan Hokeš]
|
| 246 |
3 |
0 |
|a Občanská neposlušnost
|
| 250 |
|
|
|a Vyd. v tomto souboru a překladu 1.
|
| 260 |
|
|
|a Praha ;
|a Litomyšl :
|b Paseka,
|c 2014
|
| 300 |
|
|
|a 168 s. ;
|c 21 cm
|
| 500 |
|
|
|a Přeloženo z angličtiny
|
| 648 |
|
7 |
|a 19. století
|7 ch460557
|2 czenas
|
| 650 |
0 |
7 |
|a občanská svoboda
|7 ph115538
|2 czenas
|
| 650 |
0 |
7 |
|a svoboda svědomí
|7 ph126308
|2 czenas
|
| 650 |
0 |
7 |
|a občanská neposlušnost
|7 ph135601
|2 czenas
|
| 650 |
0 |
7 |
|a člověk a společnost
|7 ph116878
|2 czenas
|
| 650 |
0 |
7 |
|a člověk a příroda
|7 ph116877
|2 czenas
|
| 650 |
0 |
7 |
|a kritika společnosti
|7 ph741268
|2 czenas
|
| 650 |
0 |
9 |
|a civil liberty
|2 eczenas
|
| 650 |
0 |
9 |
|a liberty of conscience
|2 eczenas
|
| 650 |
0 |
9 |
|a civil disobedience
|2 eczenas
|
| 650 |
0 |
9 |
|a man and society
|2 eczenas
|
| 650 |
0 |
9 |
|a criticism of society
|2 eczenas
|
| 655 |
|
7 |
|a eseje
|7 fd132213
|2 czenas
|
| 655 |
|
7 |
|a výbory
|7 fd133853
|2 czenas
|
| 655 |
|
9 |
|a essays
|2 eczenas
|
| 655 |
|
9 |
|a selected works
|2 eczenas
|
| 651 |
|
7 |
|a Spojené státy americké
|7 ge128584
|x společenské poměry
|y 19. stol.
|2 czenas
|
| 651 |
|
9 |
|a United States
|x social conditions
|y 19th century
|2 eczenas
|
| 700 |
1 |
|
|a Hokeš, Jan,
|d 1976-
|7 xx0120508
|4 trl
|
| 765 |
0 |
|
|t Writings of Henry David Thoreau. 4, Cape Cod and miscellanies
|9 Česky
|
| 765 |
1 |
|
|t Cape Cod and miscellanies
|9 Česky
|
| 910 |
2 |
|
|a BOA001
|b 2-1328.000
|
| 990 |
|
|
|a BK
|
| 995 |
|
|
|a 01
|
| 991 |
|
|
|b 201406
|c NOV
|e n
|
| 996 |
6 |
|
|b 2610593113
|c 2-1328.000
|l MZK
|r Sklad / do 1 hodiny
|n 1
|p p.v.
|w 001426236
|u 000010
|a 1
|e BOA001
|j MZK50
|s P
|
| 996 |
7 |
|
|b 2610602130
|c 2-1328.000
|l Vol.výběr
|r VV 0p
|n 21
|p kup
|h 321 THO
|w 001426236
|u 000020
|a 0
|e BOA001
|j MZK50
|s A
|